<?xml version="1.0" encoding="UTF-8"?>
<record
    xmlns:xsi="http://www.w3.org/2001/XMLSchema-instance"
    xsi:schemaLocation="http://www.loc.gov/MARC21/slim http://www.loc.gov/standards/marcxml/schema/MARC21slim.xsd"
    xmlns="http://www.loc.gov/MARC21/slim">

  <leader>01775nam a2200301uu 4500</leader>
  <controlfield tag="001">1500140</controlfield>
  <controlfield tag="005">20260508093118.0</controlfield>
  <controlfield tag="008">180724s2009                        spa  </controlfield>
  <datafield tag="020" ind1=" " ind2=" ">
    <subfield code="a">9789588387345</subfield>
  </datafield>
  <datafield tag="035" ind1=" " ind2=" ">
    <subfield code="a">1500140</subfield>
  </datafield>
  <datafield tag="040" ind1=" " ind2=" ">
    <subfield code="c">comduadb</subfield>
  </datafield>
  <datafield tag="041" ind1=" " ind2=" ">
    <subfield code="a">spa</subfield>
  </datafield>
  <datafield tag="082" ind1=" " ind2="4">
    <subfield code="a">306</subfield>
  </datafield>
  <datafield tag="100" ind1="0" ind2="0">
    <subfield code="a">Seminario internacional : El sector cultural hoy : oportunidades, desaf&#xED;os y respuestas  (9 : 2009 : Cartagena de Indias)</subfield>
    <subfield code="4">aut</subfield>
    <subfield code="e">aut</subfield>
    <subfield code="9">772426</subfield>
  </datafield>
  <datafield tag="245" ind1="1" ind2="0">
    <subfield code="a">Memorias Seminario Internacional : El sector cultural hoy : oportunidades, desaf&#xED;os y respuestas</subfield>
  </datafield>
  <datafield tag="260" ind1=" " ind2=" ">
    <subfield code="a">Cartagena :</subfield>
    <subfield code="b">Universidad Tecnol&#xF3;gica de Bol&#xED;var ;</subfield>
    <subfield code="b">Ministerio de Cultura de Colombia,</subfield>
    <subfield code="c">2009.</subfield>
  </datafield>
  <datafield tag="300" ind1=" " ind2=" ">
    <subfield code="a">237 p&#xE1;ginas :</subfield>
    <subfield code="b">ilustraciones.</subfield>
  </datafield>
  <datafield tag="505" ind1=" " ind2=" ">
    <subfield code="a">CONTENIDO : Introducci&#xF3;n. -- SECCI&#xD3;N I: Los grandes debates. -- Cap&#xED;tulo 1: Tendencias globales. -- Cap&#xED;tulo 2: Cultura y desarrollo. -- SECCI&#xD3;N II: buenas pr&#xE1;cticas en el sector cultural. -- Cap&#xED;tulo 3: Modelos de financiaci&#xF3;n. -- Cap&#xED;tulo 4: Herramientas para la gesti&#xF3;n cultural. -- Cap&#xED;tulo 5: Alternativas para la comercializaci&#xF3;n de bienes y servicios culturales de car&#xE1;cter local. -- SECCI&#xD3;N III: El poder de la cultura. -- Cap&#xED;tulo 6: La cultura en tiempos de crisis. -- Cap&#xED;tulo 7: Colof&#xF3;n. -- SECCI&#xD3;N IV: Los participantes del seminario.</subfield>
  </datafield>
  <datafield tag="650" ind1=" " ind2="7">
    <subfield code="a">Administraci&#xF3;n cultural</subfield>
    <subfield code="2">lemb</subfield>
    <subfield code="9">157854</subfield>
  </datafield>
  <datafield tag="650" ind1=" " ind2=" ">
    <subfield code="a">Pol&#xED;tica cultural - Colombia - Congresos, conferencias, etc.</subfield>
    <subfield code="9">163439</subfield>
  </datafield>
  <datafield tag="650" ind1=" " ind2=" ">
    <subfield code="a">Planificacion cultural</subfield>
    <subfield code="9">32298</subfield>
  </datafield>
  <datafield tag="650" ind1=" " ind2="7">
    <subfield code="a">Cultura y desarrollo</subfield>
    <subfield code="2">lemb</subfield>
    <subfield code="9">3384</subfield>
  </datafield>
  <datafield tag="650" ind1=" " ind2=" ">
    <subfield code="a">Cultura - Aspectos econ&#xF3;micos</subfield>
    <subfield code="9">178985</subfield>
  </datafield>
  <datafield tag="650" ind1=" " ind2=" ">
    <subfield code="a">Industria cultural - Colombia</subfield>
    <subfield code="9">158454</subfield>
  </datafield>
  <datafield tag="700" ind1="1" ind2="0">
    <subfield code="a">Alfaro Patr&#xF3;n, Armando</subfield>
    <subfield code="4">edt</subfield>
    <subfield code="e">edt</subfield>
    <subfield code="9">296334</subfield>
  </datafield>
  <datafield tag="700" ind1="1" ind2="0">
    <subfield code="a">Correa, Mar&#xED;a Mercedes</subfield>
    <subfield code="4">trl</subfield>
    <subfield code="e">trl</subfield>
    <subfield code="9">372778</subfield>
  </datafield>
  <datafield tag="942" ind1=" " ind2=" ">
    <subfield code="c">BOOK</subfield>
  </datafield>
  <datafield tag="999" ind1=" " ind2=" ">
    <subfield code="c">787703</subfield>
    <subfield code="d">787703</subfield>
  </datafield>
  <datafield tag="952" ind1=" " ind2=" ">
    <subfield code="0">0</subfield>
    <subfield code="1">0</subfield>
    <subfield code="4">0</subfield>
    <subfield code="7">0</subfield>
    <subfield code="8">GENERAL</subfield>
    <subfield code="a">BC</subfield>
    <subfield code="b">BC</subfield>
    <subfield code="d">2018-07-24</subfield>
    <subfield code="e">Material adquirido por donaci&#xF3;n</subfield>
    <subfield code="g">34000.00</subfield>
    <subfield code="i">C1290156</subfield>
    <subfield code="l">0</subfield>
    <subfield code="o">306.4 S471s</subfield>
    <subfield code="p">01058872</subfield>
    <subfield code="r">2025-01-28 00:00:00</subfield>
    <subfield code="t">1</subfield>
    <subfield code="w">2023-05-04</subfield>
    <subfield code="y">BOOK</subfield>
  </datafield>
</record>
